Welcome to the Holygrace Academy Library

Please use search bar below to get started

MATHEMATICS CBSE X (Record no. 744)

MARC details
000 -LEADER
fixed length control field 00302nam a22001337a 4500
020 ## - INTERNATIONAL STANDARD BOOK NUMBER
ISBN 0-19-565854-X
082 ## - DEWEY DECIMAL CLASSIFICATION NUMBER
Classification number 510
Item number ROY/M
100 ## - MAIN ENTRY--AUTHOR NAME
Personal name A.K.ROY
245 ## - TITLE STATEMENT
Title MATHEMATICS CBSE X
260 ## - PUBLICATION, DISTRIBUTION, ETC. (IMPRINT)
Place of publication CHENNAI
Name of publisher OXFORD UNIVERSITY PRESS
Year of publication 2002
300 ## - PHYSICAL DESCRIPTION
Number of Pages 543
650 ## - SUBJECT ADDED ENTRY--TOPICAL TERM
Topical Term MATHS FOR CLASS X
Geographic subdivision INDIA
942 ## - ADDED ENTRY ELEMENTS (KOHA)
Koha item type Books
Holdings
Withdrawn status Lost status Collection code Home library Current library Shelving location Date acquired Source of acquisition Cost, normal purchase price Full call number Accession Number Koha item type
    Reference Main Library Main Library SHELF-8 A CLASS X- MATHS 04/06/2004 purchase 165.00 510 ROY/M 01719 Books